000 00642nam a2200217Ii 4500
003 JO-AjNU
008 230606s9999||||xx |||||||||||||| ||und||
020 _a978-0-13-280545-2
040 _aJO-AjNU
_beng
_erda
_cJO-AjNU
041 _aeng
050 1 4 _aQA76.G315.2013
100 3 _aGADDIS,TONY,
_eauthor
_92844
245 0 0 _aStarting out with programming logic and Design
250 _a3 ed
264 3 1 _aPEARSON:Addison Wesley:New york,2013
300 _a616p
_bIN cluds index
336 _atext
_btxt
_2rdacontent
337 _aunmediated
_bn
_2rdamedia
338 _avolume
_bnc
_2rdacarrier
650 4 _acomputer programming
_92845
999 _aE1490
_c1490
_d1490